Регионална библиотека "Любен Каравелов" - Русе

Цени и възвръщаемост на финансовите инвестиции (Запис номер 15274)

MARC детайли
000 -Лидер
Контролно поле с фиксирана дължина 01127nam a2200313 c 4500
003 - Код на организацията, давaща контролен номер
Контролно поле BLK
005 - Дата и час на последна редакция
Контролно поле 20180420215035.0
008 - Елементи от данни с фиксирана дължина
fixed length control field 180413b bul|||||r ||||||| ||bul||
010 ## - Наследен системен номер
LC control number KNG00017043000
020 ## - Международен стандартен номер на книга ISBN
Международен стандартен номер на книга ISBN 954-568-021-0
-- издат.: Люрен
040 ## - Източник на каталожния запис
Идентификатор на билиотеката - собственик на записа BLK
041 ## - Код за език
Код за езика на текст/звукозапис или на отделно заглавие Български
Код за езика КДБФ Български
080 ## - УДК
Текстов определител УДК Капиталовложения. Образуване на капитала. Инвестиции
УДК код - определител по УДК 330.322
УДК определител
УДК - код + определител 330.322
100 1# - Редна дума - Автор
Автор Орешарски, Пламен Василев
Авторска отговорност първи автор
R(LIN) 104824
139 ## - Редно поле
Редна дума Орешарски, Пламен Василев
Авторски знак Оре - О 69
245 10 - Сведения за заглавието
Заглавие Цени и възвръщаемост на финансовите инвестиции
Редно поле (дума) Пламен Василев Орешарски.
257 ## - Страна на издаване
Страна на създаване/издаване България
260 ## - Област на издателските данни
-- София
Име на издателя, разпространителя и проч. Люрен
Година на издаване 1994
300 ## - Физическа характеристика
Страници 74 с.
Илюстрации и др. с табл.
Размери/Мащаб 20 см
380 ## - Жанр
Жанр Обществени науки
650 #4 - Допълнително описание по предмет – тема
Основно описание – тема или топоним Инвестиции
9 (RLIN) 157148
653 ## - Ключова дума – ненормативна
Ключова дума цени
653 ## - Ключова дума – ненормативна
Ключова дума инвестиции
852 ## - Местоположение
Форматна сигнатура Цб 185160
856 4# - Електронен адрес и достъп
Електронен формат pdf - файл
Път до файла /url/
856 4# - Електронен адрес и достъп
Електронен формат pdf - файл
Път до файла /url/
942 ## - АРТИКУЛИ
Вид на библиотечния материал Книги
Скрит в OPAC Не
944 ## - СЪЗДАВАНЕ И РЕДАКЦИЯ на ЗАПИСА
Създаване/Редакция Създаване
Дата на регистрацията/редакция 15.01.2003
Служител, извършил регистрацията/редакцията Валя_Йорданова
944 ## - СЪЗДАВАНЕ И РЕДАКЦИЯ на ЗАПИСА
Създаване/Редакция Редакция
Дата на регистрацията/редакция 15.06.2010
Служител, извършил регистрацията/редакцията
999 ## - СИСТЕМНИ КОНТРОЛНИ НОМЕРА
Koha biblionumber 15274
Koha biblioitemnumber 15274
Наличности
Код за отписване Код за изгубен артикул Източник на класификационната схема Код за повреда Коз за рестрикции Код за отдаване Артикулен № Име на библиотеката - собственик Име на библиотеката, в която се намира в момента Статус (Текущо местоположение) Дата на вписване в системата Местоположение - отдел Цена в лева Инвентарен номер Систематично азбучна сигнатура Баркод Номер на екземпляра Цена в евро Служебна бележка Служебен тип на артикула
  Не е изгубен Universal Decimal Classification Не е повреден без рестрикции ползва се в читалня 25954 Регионална библиотека "Любен Каравелов" Русе Регионална библиотека "Любен Каравелов" Русе Хранилище 2001-01-01 Хранилище 0.00 631684 Цб 185160 120000631684 1 0.00 Дост: Dp Вид: Д N: 20 Дата: 01.01.1994 Книги
Изтеглен Не е изгубен Universal Decimal Classification Не е повреден без рестрикции заемане за дома 25955 Регионална библиотека "Любен Каравелов" Русе Регионална библиотека "Любен Каравелов" Русе Заемна - подръчен фонд 1996-01-01 Заемна - подръчен фонд 1.60 607456 П 330/О 69 607456 2 0.82 Дост: Pk Вид: Ф N: стар фонд Дата: 01.01.1994 Дата инв: 05.02.2018 Бележки инв: П2018 Книги
Vip Innovations Ltd, Rousse, Bulgaria 2025